00970nam a2200241 a 4500001001000000003000500010005001700015008004100032010001100073011001100084040000900095100003500104245022000139260004100359500006000400502007100460650002900531650002700560650002100587650002300608700002700631856007000658000109341CHAP20220329144047.0140422s2013 mx a sm |||||||spa d a105803 a106775 cCHAP1 aGonzález Ochoa, Luis Alberto10aPropuesta metodológica para el diseño y construcción de presas de Mampostería hidráulica, en la cuenca del Río la Sierra, Chiapash[En línea]cpor Luis Alberto González Ochoa y Mervin Felipe Tomás. aChapingo, Méx. :bEl autor,c2013. aPara ver el contenido del material haga clic en la liga aTesis (Ing. en Irrigación) -- UACH. Departamento de Irrigación14aMecánica de fluídos.14aMuros de contención.14aPresaszChiapas.14aSuelos y cultivos.1 aFelipe Tomás, Mervin aFinding aiduhttp://10.13.5.2/tesis/sist109341.pdfzTeclea aquí